Трагедія українців Польщі (Запис № 315801)

МАРК-запис
000 -LEADER
fixed length control field 02078nam a22002657a 4500
001 - CONTROL NUMBER
control field 29414
003 - CONTROL NUMBER IDENTIFIER
control field UA-OsUOA
005 - DATE AND TIME OF LATEST TRANSACTION
control field 20230504161222.0
007 - PHYSICAL DESCRIPTION FIXED FIELD--GENERAL INFORMATION
fixed length control field ta
008 - FIXED-LENGTH DATA ELEMENTS--GENERAL INFORMATION
fixed length control field 20041008b un ||||| |||| 00| 0 ukr d
040 ## - CATALOGING SOURCE
Original cataloging agency UA-OsUOA
Language of cataloging ukr
Transcribing agency UA-OsUOA
Modifying agency UA-OsUOA
041 ## - LANGUAGE CODE
Language code of text/sound track or separate title ukr
044 ## - COUNTRY OF PUBLISHING/PRODUCING ENTITY CODE
MARC country code UA
080 ## - UNIVERSAL DECIMAL CLASSIFICATION NUMBER
Universal Decimal Classification number 94(477)15
090 ## - LOCALLY ASSIGNED LC-TYPE CALL NUMBER (OCLC); LOCAL CALL NUMBER (OCLC)
Classification number (OCLC) (R) ; Classification number, CALL (RLIN) (NR) 94(477)15
Local cutter number (OCLC) ; Book number/undivided call number, CALL (RLIN) С32
100 ## - MAIN ENTRY--PERSONAL NAME
Personal name Сергійчук В.
245 ## - TITLE STATEMENT
Title Трагедія українців Польщі
260 ## - PUBLICATION, DISTRIBUTION, ETC. (IMPRINT)
Place of publication, distribution, etc Тернопіль
Name of publisher, distributor, etc Тернопіль
Date of publication, distribution, etc 1997
300 ## - PHYSICAL DESCRIPTION
Extent 439 с.
520 ## - SUMMARY, ETC.
Summary, etc П’ятдесят років тому комуністична влада Польщі вчинила катастрофічну наругу над українцями Лемківщини, Надсяння, Холмщини та Підляшшя, насильно переселивши їх із споконвічних батьківських земель на північно-західні території, що відійшли від Німеччини. З метою повної асиміляції близько 150 тисяч наших братів і сестер по крові було розселено по кілька сімей серед польського етносу. А перед цим, у 1944–1946 роках, 482 тисячі українців з вказаних етнічних земель нашого народу насильно відправили в Радянську Україну. Автор на основі численних документів і матеріалів показує процес освоєння українцями привісленських територій з часів Київської Русі, постійне прагнення тамтешньої людності жити спільно з Матір’ю – Україною, – аж до трагічних 1944–1947 років.
650 #7 - SUBJECT ADDED ENTRY--TOPICAL TERM
Source of heading or term UDC
942 ## - ADDED ENTRY ELEMENTS (KOHA)
Koha item type Книги
Source of classification or shelving scheme Universal Decimal Classification
955 ## - COPY-LEVEL INFORMATION (RLIN)
Classification number, CCAL (RLIN) інше
Фонди
Withdrawn status Lost status Source of classification or shelving scheme Damaged status Not for loan Home library Current library Date acquired Cost, normal purchase price Inventory number Total Checkouts Full call number Barcode Date last seen Price effective from Koha item type Source of acquisition
    Universal Decimal Classification     Наукова бібліотека ІДУД Наукова бібліотека ІДУД 19/09/2017 1.00 2139402   94(477).10 С32 2139402 15/09/2019 19/09/2017 Книги 335/2017
    Universal Decimal Classification     ЧЗ - Читальна зала ЧЗ - Читальна зала 08/10/2004 5.00 94066   94(477)15 С32 94066 07/02/2022 08/10/2004 Книги